[Event "CHN-ch Blitz Open 2018"]
[Site "Tianjin"]
[Date "2018.06.07"]
[Round "1"]
[White "Yu, Yangyi"]
[Black "Fang, Yuxiang"]
[Result "0-1"]
[WhiteElo "2759"]
[BlackElo "2499"]
[Annotator "TA"]
[PlyCount "119"]
[EventDate "2018.06.07"]
[EventType "blitz"]
[EventRounds "9"]
[EventCountry "CHN"]
[SourceTitle "playchess.com"]
[Source "ChessBase"]
[SourceQuality "1"]

{[%evp 13,119,18,27,27,66,77,87,78,87,92,78,53,51,54,68,48,67,62,67,53,46,40,76,38,59,23,29,10,16,12,26,0,0,-22,10,-48,0,0,0,0,0,0,0,-36,0,0,0,0,0,0,0,0,0,0,0,0,0,-17,-17,-18,-14,-15,-19,-19,-13,-22,-14,-26,-29,-78,0,-2,-5,-22,-27,-25,0,-738,-731,-722,-704,-776,-766,-903,-878,-944,-932,-1115,-1113,-12831,-12462,-12832,-8210,-29976,-29976,-29983,-29984,-29982,-29983,-29983,-12843,-12843,-12844,-12844,-12841,-29992,-29993,-29994]} 1. e4 e5 2. Nf3 Nf6 3. Nxe5 d6 4. Nf3 Nxe4 5. d4 Be7 6. Bd3 Nf6 7. c4 O-O 8. O-O {C42: Petroff Defence: 3 Nxe5 and unusual White 3rd moves} b6 (8... Bg4 9. h3 Bh5 10. Nc3 Nc6 11. g4 Bg6 12. Bxg6 hxg6 13. Re1 Re8 14. d5 Nb8 15. Qb3 {½-½ (39) Kantans,T (2510)-Rozentalis,E (2523) Tallinn 2018}) 9. Nc3 Bb7 10. Re1 $146 {White is better.} ({Predecessor:} 10. Bf4 Nbd7 11. d5 {1-0 (32) MacGregor,C (1815)-Strobehn,A (1515) ICCF email 2012}) 10... Re8 11. d5 Nbd7 12. h3 (12. Bf4 {with more complications.} c6 13. dxc6 Bxc6 14. Nd4 Bb7 15. Nf5) 12... Bf8 13. Rxe8 Qxe8 14. Bg5 g6 15. Qd2 Bg7 16. Re1 Qf8 17. Bc2 {[%cal Bd3c2,Bc2a4,Ba4c6][%mdl 32]} a6 18. Ba4 Re8 19. Bc6 Bc8 20. b4 (20. Be3 {is more complex.} Ne4 21. Nxe4 Rxe4 22. b3 Nc5 23. Nd4) 20... Rxe1+ 21. Qxe1 h6 22. Be3 Qe7 23. Qc1 Kh7 24. Bd4 ({Better is} 24. Ne2 $11) 24... Nh5 25. Bxg7 Kxg7 26. Qe3 Qxe3 27. fxe3 f5 28. a4 Kf6 29. Kf2 Ne5 30. Nxe5 Kxe5 $11 {[%mdl 4096] Endgame KBN-KBN} 31. Be8 Kf6 32. Ne2 Ng7 33. Bc6 Ke7 34. Nd4 Nh5 35. a5 bxa5 36. bxa5 Nf6 37. Ke2 Ne4 38. Nb3 Kf6 39. Kd3 Ke5 40. Nd4 Nc5+ 41. Ke2 Ne4 (41... f4 $17) 42. Be8 Kf6 43. Nc6 Nc5 44. Nd4 Ne4 45. Ba4 $2 {[%mdl 8192] [#]} (45. Nc6 $11) 45... Nc3+ $19 46. Kd3 Nxa4 47. Nc6 Nc5+ 48. Kd4 g5 {[%cal Bg6g5,Bg5f4][%mdl 32]} 49. Nb4 f4 50. exf4 gxf4 51. Nc6 Kg5 52. Ne7 Bd7 53. Kc3 Kh4 54. Kd2 Kg3 55. Ng6 Bf5 56. Ne7 Be4 (56... Bh7 $142 57. Nc6 Kxg2 58. Nd4 f3 59. Nxf3 Kxf3 60. Kd1 Kg3 61. Ke2 Kxh3 62. Kf3 Be4+ 63. Kf4 Kh4 64. Ke3 Kg3 65. Ke2 h5 66. Kd1 h4 67. Ke2 h3 68. Kd2 h2 69. Ke3 h1=Q 70. Ke2 Qg2+ 71. Kd1 Qf2 72. Kc1 Qc2#) 57. Ng8 Bxg2 {[#] ( -> ...f3)} 58. Nxh6 f3 59. Ke3 Bxh3 60. Kd4 {Precision: White = 43%, Black = 61%.} 0-1

[Event "CHN-ch Blitz Open 2018"]
[Site "Tianjin"]
[Date "2018.06.07"]
[Round "1"]
[White "Wei, Yi"]
[Black "Ye, Rongguang"]
[Result "1-0"]
[WhiteElo "2734"]
[BlackElo "2461"]
[Annotator "TA"]
[PlyCount "54"]
[EventDate "2018.06.07"]
[EventType "blitz"]
[EventRounds "9"]
[EventCountry "CHN"]
[SourceTitle "playchess.com"]
[Source "ChessBase"]
[SourceQuality "1"]

{[%evp 10,54,8,0,4,0,2,-2,17,2,27,31,45,10,0,-21,-15,-47,0,-8,0,-15,-4,-19,-23,-83,-84,-77,-29,-131,58,29,70,87,141,141,106,104,429,309,370,222,356,377,647,619,570]} 1. e4 e5 2. Nf3 Nf6 3. Nxe5 d6 4. Nc4 Nxe4 5. Qe2 Qe7 6. Ne3 c6 {C42: Petroff Defence: 3 Nxe5 and unusual White 3rd moves} 7. b3 d5 8. Bb2 Be6 {The position is equal.} 9. g3 Nd7 10. Bg2 Ndf6 11. c4 $146 ({Predecessor:} 11. O-O Qd8 12. d3 Nd6 13. f4 Be7 14. f5 {1-0 (38) Rapport,R (2715)-Malek,D (2403) Karlsruhe 2018}) 11... dxc4 12. bxc4 Qb4 $36 {[%mdl 2048] Black has the initiative.} 13. Bc3 Nxc3 14. Nxc3 {Black should prevent Rb1.} O-O-O 15. O-O Bc5 16. Rfb1 (16. Rab1 $5 {[%cal Rb1b4]} Qa5 17. Rfc1 $15) 16... Qa5 17. Rb3 (17. Rb2 $11) 17... Rd7 $17 18. Rab1 {[#] aiming for Bxc6!} Bb6 19. Nc2 (19. R3b2 $11) 19... Qc5 $2 (19... Bg4 $17 20. Qe1 Bf5) 20. d3 {[%cal Bd2d3,Bd3d4][%mdl 32] Na4 is the strong threat.} (20. Rxb6 $5 axb6 21. Na4 $14) 20... Rhd8 21. Na4 Qa5 (21... Qh5 $142 22. Qxh5 (22. Nxb6+ axb6 23. Qe3 Qa5 $16) 22... Nxh5) 22. Nxb6+ axb6 23. d4 Qa4 $2 {[%mdl 8192] [#]} (23... Qh5 $16 {is more resistant.} 24. Bf3 Bg4) 24. Rb4 Qa6 25. R1b2 Bg4 (25... Rxd4 $142 26. Nxd4 Rxd4 27. Rxb6 Qxc4) 26. Qd3 $18 g6 $2 (26... Qa5 27. d5 (27. Rxb6 Bf5 $18) 27... Be6) 27. Rxb6 Qa7 {Precision: White = 47%, Black = 30%.} 1-0

[Event "CHN-ch Blitz Open 2018"]
[Site "Tianjin"]
[Date "2018.06.07"]
[Round "1"]
[White "Zhao, Jun"]
[Black "Li, Di"]
[Result "1-0"]
[WhiteElo "2611"]
[BlackElo "2450"]
[Annotator "TA"]
[PlyCount "59"]
[EventDate "2018.06.07"]
[EventType "blitz"]
[EventRounds "9"]
[EventCountry "CHN"]
[SourceTitle "playchess.com"]
[Source "ChessBase"]
[SourceQuality "1"]

{[%evp 16,59,21,10,18,12,16,15,23,16,21,25,11,5,10,6,8,13,14,13,137,143,158,20,44,-40,-33,-72,0,12,44,27,141,139,375,385,566,584,586,578,1693,1631,6112,6041,5347,5004]} 1. c4 e6 2. Nc3 d5 3. d4 Nf6 4. cxd5 exd5 5. Bg5 c6 6. e3 Be7 7. Bd3 Nbd7 8. Nf3 Ne4 9. Bf4 Ndf6 {D35: Queen's Gambit Declined: Exchange Variation} 10. O-O O-O 11. Qc2 {[%cal Rd3e4]} Bf5 {The position is equal.} 12. Ne5 g6 13. h3 Nd6 {[#]} 14. Bh2 $146 ({Predecessor:} 14. Rad1 Rc8 15. Bxf5 Nxf5 16. g4 Ng7 17. Bh6 Nfe8 18. f3 Nd6 19. e4 Re8 20. Qb3 Bg5 21. Bxg5 Qxg5 22. exd5 Qh4 23. Ne4 cxd5 {½-½ (23) Yilmaz,M (2630)-Naiditsch,A (2700) Minsk 2017}) 14... Re8 15. f3 Rc8 16. Rad1 Bxd3 17. Qxd3 c5 (17... a6 $11 {keeps the balance.}) 18. dxc5 $16 Rxc5 {[#]} 19. Kh1 (19. b4 $1 $16 {[%cal Rb4c5]} Rc8 20. Nxd5) 19... Qc8 $11 20. Ng4 ({White should play} 20. Qe2 $14) 20... Nc4 $15 {Hoping for ...Nxg4.} 21. Na4 {[#]} Ra5 (21... Rc6 $1 $17 22. Nh6+ Kg7) 22. b3 $11 b5 23. bxc4 Nxg4 (23... dxc4 $11 24. Qc3 Ra6) 24. fxg4 $16 Qxc4 $2 (24... Rxa4 $16 25. cxd5 Qd7) 25. Nc3 $18 b4 (25... Ra3 $142 26. Qxc4 (26. Qxd5 Rxc3 27. Qd7 Qc6 $11) 26... dxc4) 26. Nxd5 {White is clearly winning.} Qxd3 27. Rxd3 Rxa2 28. Nxe7+ Rxe7 29. Rd8+ Kg7 30. Bd6 {Precision: White = 50%, Black = 35%.} 1-0

[Event "CHN-ch Blitz Open 2018"]
[Site "Tianjin"]
[Date "2018.06.07"]
[Round "1"]
[White "Bai, Jinshi"]
[Black "Zhao, Zhouqiao CHN"]
[Result "1-0"]
[WhiteElo "2594"]
[BlackElo "2223"]
[Annotator "TA"]
[PlyCount "134"]
[EventDate "2018.06.07"]
[EventType "blitz"]
[EventRounds "9"]
[EventCountry "CHN"]
[SourceTitle "playchess.com"]
[Source "ChessBase"]
[SourceQuality "1"]

{[%evp 25,134,14,11,11,44,40,39,5,53,42,36,16,82,77,75,78,104,37,41,39,45,41,43,35,43,44,40,38,38,30,33,29,29,33,28,0,19,24,34,22,51,8,33,19,52,4,33,28,33,0,56,32,36,23,13,16,35,3,18,18,18,18,18,1,12,0,0,0,30,30,30,0,0,0,0,-7,0,0,0,0,0,-10,-10,-16,0,0,0,0,0,-5,-3,-4,62,62,62,62,63,58,62,58,62,22,66,37,63,59,78,58,59,59,59]} 1. Nf3 Nf6 2. c4 b6 3. g3 Bb7 4. Bg2 c5 5. O-O g6 6. b3 Bg7 7. Bb2 O-O 8. Nc3 d6 9. d4 cxd4 10. Qxd4 Nbd7 11. Rfd1 Rc8 12. Qe3 {A30: Symmetrical English: Double Fianchetto and Hedgehog} Re8 13. Rac1 a6 {[#] LiveBook: 11 Games} 14. h4 $146 {The position is equal.} ({Predecessor:} 14. h3 Rc7 15. Ne1 Qb8 16. Qd2 b5 17. Nd5 Rcc8 18. cxb5 Bxd5 19. Bxd5 Nxd5 20. Bxg7 Kxg7 21. Qxd5 {0-1 (39) Le,Q (2714)-Giri,A (2714) Beijing 2011}) 14... Qc7 15. Nd5 Qd8 {[#] Hoping for ...Nxd5.} 16. Nd4 Rb8 17. Ba3 Nc5 18. Nxf6+ Bxf6 (18... exf6 $11 {keeps the balance.} 19. Qf4 Bxg2 20. Kxg2 Qd7) 19. Nc6 $16 Bxc6 20. Bxc6 Rf8 {[#]} 21. h5 (21. b4 $1 $16) 21... Qc8 22. Bf3 Qe6 23. Qf4 Qe5 24. Qxe5 Bxe5 25. Kg2 Rfd8 26. Rc2 a5 27. Bc1 Rdc8 28. Bg5 Rc7 29. Be3 Na6 30. Rcd2 Nc5 31. Rc1 Bf6 32. Rb1 Na6 33. Bf4 Bc3 34. Rc2 Bf6 35. Rbc1 Nb4 36. Rd2 Na6 37. Be3 Nb4 ({Better is} 37... Nc5 $11) 38. a3 Na6 $1 39. Rdc2 Nc5 40. b4 Nd7 41. Rb1 Rbc8 42. bxa5 bxa5 43. Rb5 a4 44. Rb4 Nc5 45. Bxc5 Rxc5 46. Rxa4 Kg7 47. hxg6 hxg6 48. Rb4 d5 49. e3 dxc4 50. Bg4 R8c7 51. a4 c3 52. Be2 Ra7 53. Bb5 Rb7 54. Kf3 Ra7 55. Ke2 e6 56. g4 g5 57. Rb1 Rb7 58. Rd1 Rbxb5 (58... Rb8 $11) 59. axb5 $14 Rxb5 $11 {[%mdl 4096] Endgame KRR-KRB} 60. Rd7 Be5 61. Kd3 Kg6 62. Ra2 Rb1 {Strongly threatening ...Rd1+.} ({Not} 62... Rb2 $2 63. Rxb2 cxb2 64. Kc2 $18) 63. Ke2 (63. Rda7 {seems wilder.} Rg1 64. R7a4 Rd1+ 65. Ke2 Rd6 66. Ra8) 63... Rb6 64. Rd8 Bf6 65. Rc8 Rb1 66. Rc2 Rb6 67. Rg8+ Kh6 {Precision: White = 40%, Black = 41%.} 1-0

[Event "CHN-ch Blitz Open 2018"]
[Site "Tianjin"]
[Date "2018.06.07"]
[Round "1"]
[White "Xu, Xiangyu"]
[Black "Zhou, Jianchao"]
[Result "1-0"]
[WhiteElo "2581"]
[BlackElo "2615"]
[Annotator "TA"]
[PlyCount "98"]
[EventDate "2018.06.07"]
[EventType "blitz"]
[EventRounds "9"]
[EventCountry "CHN"]
[SourceTitle "playchess.com"]
[Source "ChessBase"]
[SourceQuality "1"]

{[%evp 17,98,0,0,0,8,-18,0,-11,0,0,0,0,0,0,198,188,168,0,0,0,0,-27,122,115,241,229,224,232,227,141,141,137,131,139,137,120,114,0,0,-4,0,-26,-26,-24,-25,-24,-21,-26,0,0,11,12,159,158,152,100,94,100,92,42,78,52,84,81,127,115,192,147,267,265,320,241,448,446,734,443,554,543,717,711,2422,547,608]} 1. d4 Nf6 2. c4 e6 3. g3 c5 4. Nf3 cxd4 5. Nxd4 Qc7 6. Nc3 a6 7. Bg2 Qxc4 8. O-O Nc6 {A32: Englische Eröffnung (Symmetrische Variante)} 9. Nb3 Qg4 {LiveBook: 3 Partien} 10. h3 Qg6 {Die Stellung ist ausgeglichen.} 11. Bf4 $146 ({Vorgänger:} 11. e4 Be7 12. g4 d5 13. exd5 Nxd5 14. Nxd5 exd5 15. f4 h5 16. f5 {1-0 (39) Kopylov,M (2473)-Parligras,M (2633) Germany 2012}) 11... d5 12. e4 Nxe4 13. Na4 Bd7 $1 14. Nb6 Rd8 15. Bc7 Nc5 $2 (15... f5 $11 {und Schwarz steht sicher.}) 16. Bxd8 Nxd8 17. Nxd7 $2 (17. Re1 $1 $18 Nxb3 18. Qxb3) 17... Nxd7 $11 18. Re1 {Droht stark Dxd5.} Be7 19. Rc1 Nc6 (19... Qf6 $11) 20. Nd4 $16 Bc5 (20... Bg5 $16 {war einen Versuch wert.}) 21. Nxc6 $18 bxc6 22. Qa4 $1 e5 ({Vergiftet wäre} 22... Qxg3 $2 23. Rxc5 $1 {[%mdl 512]} Qb8 24. Qxc6 $18) 23. Rxc5 Nxc5 24. Rxe5+ Kf8 25. Qa3 {[%mdl 1024] Weiss hat starke Kompensation.} Qd6 26. Re3 d4 27. Rd3 (27. Re1 $16) 27... Ke7 $11 28. Rd1 $40 {[%mdl 128] Weiss greift an.} Rb8 29. Re1+ Ne6 {zielt auf ...Dxa3 ab.} 30. Qxa6 c5 ({Finger weg von} 30... Rxb2 31. Bxc6 d3 32. Qa7+ Kf8 33. Bd5 $15) 31. Qa7+ Kf8 32. b3 g6 33. Be4 Re8 {Droht ...Sg5 und aus.} 34. Bd3 Ng5 (34... Kg7 $11) 35. Rxe8+ $16 Kxe8 {[#]} 36. Qa8+ ({Lieber} 36. Qb7 $1) 36... Ke7 37. h4 Ne6 38. Qb7+ Qc7 39. Qd5 Qd8 40. Qe4 Kf8 41. a4 {[%cal Ba2a4,Ba4a5,Ba5a6][%mdl 32]} Nc7 (41... Qa5 $16) 42. Bc4 Qd6 (42... Ne6 $16 {ist wohl besser.} 43. Kf1 Ke7) 43. a5 $18 Kg7 44. h5 gxh5 $2 (44... Qf6 45. Qe2 Kf8) 45. Qf5 {Weiß steht klar auf Gewinn.} Ne6 (45... Qe7 $142 46. Qxh5 h6) 46. Bd3 Kf8 47. a6 Qb6 48. Bc4 Ke7 49. Qxh5 (49. Bxe6 $142 fxe6 50. Qxh7+ Kd6 51. a7) 49... Qc7 {Precision: Weiß = 56%, Schwarz = 26%.} 1-0

[Event "CHN-ch Blitz Open 2018"]
[Site "Tianjin"]
[Date "2018.06.07"]
[Round "1"]
[White "Xu, Yinglun"]
[Black "Peng, Xiongjian"]
[Result "1-0"]
[WhiteElo "2536"]
[BlackElo "2427"]
[Annotator "TA"]
[PlyCount "47"]
[EventDate "2018.06.07"]
[EventType "blitz"]
[EventRounds "9"]
[EventCountry "CHN"]
[SourceTitle "playchess.com"]
[Source "ChessBase"]
[SourceQuality "1"]

{[%evp 21,47,28,52,39,56,30,76,66,78,31,213,211,466,472,492,489,502,481,579,597,581,586,578,561,1183,1190,1181,1162]} 1. d4 d6 2. Nf3 g6 3. c4 Bg7 4. Nc3 Nf6 5. e4 O-O 6. Be2 Nbd7 7. O-O e5 8. Qc2 exd4 9. Nxd4 Nc5 10. Rd1 Re8 11. f3 Nh5 12. Bf1 {E94: King's Indian: Classical: 6 Be2 e5 7 0-0: Various Black 7th moves} Bd7 13. Be3 $146 ({Predecessor:} 13. Qf2 a5 14. Be3 a4 15. Ndb5 a3 16. b4 Na4 17. Bd4 Nxc3 18. Nxc3 Be6 19. Bxg7 Kxg7 {1-0 (65) Lenderman,A (2611)-Adhiban,B (2655) chess.com INT 2018}) 13... Qh4 14. Bf2 {White is better.} Qg5 15. Qd2 Nf4 $2 {[#]} (15... Qxd2 $14 16. Rxd2 Nf4) 16. Be3 $1 $18 {g3 is the strong threat.} Be6 $2 (16... Bxd4 {is a better defense.} 17. Bxd4 (17. Qxd4 Nce6 $18) 17... Nce6) 17. g3 {White is clearly winning.} ({Less strong is} 17. Bxf4 Bxd4+ 18. Qxd4 Qxf4 $14) 17... Qh5 18. Bxf4 Rad8 19. Be3 Bh3 20. g4 Bxg4 21. fxg4 Qxg4+ 22. Qg2 Qh4 23. Bg5 Qh5 24. Be2 1-0

[Event "CHN-ch Blitz Open 2018"]
[Site "Tianjin"]
[Date "2018.06.07"]
[Round "1"]
[White "Xu, Yi"]
[Black "Dai, Changren"]
[Result "1-0"]
[WhiteElo "2534"]
[BlackElo "2430"]
[Annotator "TA"]
[PlyCount "101"]
[EventDate "2018.06.07"]
[EventType "blitz"]
[EventRounds "9"]
[EventCountry "CHN"]
[SourceTitle "playchess.com"]
[Source "ChessBase"]
[SourceQuality "1"]

{[%evp 19,101,8,5,0,0,0,0,0,15,10,12,2,27,10,30,6,14,8,19,0,6,0,0,0,0,0,0,0,10,8,13,4,8,0,0,0,18,0,0,-20,0,-62,19,-45,-30,-151,-114,-112,-112,-106,-98,-152,0,-124,-122,-158,-69,-150,-66,-68,-67,-100,0,0,0,0,0,0,61,62,163,136,136,163,127,0,72,53,55,54,69,57,76,0]} 1. e4 e5 2. Nf3 Nc6 3. Bc4 Bc5 4. O-O Nf6 5. d3 d6 6. c3 a5 {C54: Italienische Partie (Hauptvariante)} (6... O-O 7. a4 a6 8. Re1 Ba7 9. h3 Ne7 10. Nbd2 Ng6 11. Nf1 Be6 12. Bxe6 fxe6 13. Ng3 h6 14. d4 Nd7 15. Be3 Qe7 16. a5 Kh7 17. Nd2 Rf7 18. Nc4 {½-½ (57) Caruana,F (2822)-Nakamura,H (2769) Stavanger 2018}) 7. a4 h6 8. Na3 O-O 9. Nc2 Be6 10. Bxe6 fxe6 {LiveBook: 5 Partien} 11. Be3 Bxe3 12. Nxe3 Qe8 13. Qb3 $146 ({Vorgänger:} 13. Nd2 Nd7 14. Ndc4 Nc5 {0-1 (35) Fressinet,L (2662)-Anton Guijarro,D (2666) Riadh 2017}) 13... Rb8 14. Nd2 Nh5 15. g3 Kh8 16. Kh1 Qg6 17. Qd1 Nf6 18. f3 d5 19. Qe2 Rbd8 20. Rad1 Rf7 21. Nb3 b6 22. Na1 Rfd7 23. Nac2 Nh5 24. Ng4 Nf6 25. Nce3 Nxg4 26. Nxg4 Qe8 27. Qc2 Qe7 28. Ne3 Qc5 29. Ng4 h5 $36 {[%mdl 2048] Weiss steht unter Druck.} 30. Nf2 {[#]} (30. Nxe5 $11 Nxe5 31. d4) 30... Qe3 (30... Nd4 $1 $15 {[%mdl 512]} 31. Qd2 (31. cxd4 Qxc2) 31... Nxf3) 31. Nh3 (31. Kg2 $11) 31... dxe4 $15 32. Rde1 (32. Qb3 $11 {bleibt in der Remisbreite.}) 32... Qxd3 33. Qg2 {[#]} exf3 $1 34. Rxf3 Qg6 35. Ref1 (35. Rfe3 $142 Rd5 36. R3e2) 35... Rd2 $2 ({Günstiger ist} 35... Kg8 $17 {...Td1 ist eine echte Drohung.} 36. R3f2 Rd6) 36. R3f2 (36. Rf8+ $11 {war der einzige Weg, das Gleichgewicht zu behalten.} Kh7 37. Qxc6 Rxf8 38. Rxf8 Qb1+ 39. Ng1) 36... Rxf2 $17 37. Qxf2 Ne7 (37... Qg4 $17 38. Kg2 Ne7) 38. Qe3 (38. Qe2 $15) 38... Nf5 ({Lieber} 38... Qg4 $17 39. Nf2 Qf5) 39. Qxe5 $15 Qg4 40. Nf4 Rd1 (40... Rd6 $17 41. b4 h4 42. gxh4 Nxh4) 41. Rxd1 $1 $11 Qxd1+ 42. Kg2 Qd2+ 43. Kh3 Nh6 (43... Qd1 $11) 44. Qxe6 $14 Kh7 (44... Qd1 $14) 45. Qg6+ $18 ({Auf keinen Fall} 45. Nxh5 $6 Qxb2 46. Qe4+ Kh8 $14) 45... Kg8 46. Qe8+ Kh7 47. Qg6+ (47. Qxh5 $142 Qd7+ 48. g4) 47... Kg8 $1 $16 48. Nxh5 {[%csl Gh5][%cal Rg6g7]} Qd7+ 49. g4 {Droht stark Sf6+.} Qe7 $1 50. Ng3 Nf7 51. Nf5 {[%mdl 32768] Precision: Weiß = 36%, Schwarz = 36%. . Loss on Time!?} ({Besser ist} 51. Qd3 $16) 1-0

[Event "CHN-ch Blitz Open 2018"]
[Site "Tianjin"]
[Date "2018.06.07"]
[Round "1"]
[White "Wan, Yunguo"]
[Black "Chen, Qi b"]
[Result "1-0"]
[WhiteElo "2499"]
[BlackElo "2432"]
[Annotator "TA"]
[PlyCount "73"]
[EventDate "2018.06.07"]
[EventType "blitz"]
[EventRounds "9"]
[EventCountry "CHN"]
[SourceTitle "playchess.com"]
[Source "ChessBase"]
[SourceQuality "1"]

{[%evp 18,73,16,10,20,14,28,0,0,0,8,0,14,14,17,16,12,10,14,0,0,-23,10,16,41,26,50,44,48,48,74,77,73,75,112,108,167,120,378,264,468,534,823,800,745,593,574,573,736,589,1091,1029,1948,2442,2247,2268,2143,1682]} 1. e4 c5 2. Nf3 d6 3. d4 cxd4 4. Nxd4 Nf6 5. Nc3 a6 6. a4 e5 7. Nf3 h6 8. Bc4 Be7 9. O-O {B90: Sicilian Najdorf: Unusual White 6th moves, 6 Be3 Ng4 and 6 Be3 e5} O-O 10. Qe2 {LiveBook: 4 Games} Qc7 (10... Be6 11. Rd1 Qc7 12. Ba2 Bxa2 13. Rxa2 Nc6 14. Be3 Rfe8 15. Nh4 Nd4 16. Bxd4 exd4 17. Rxd4 {1-0 (61) Onischuk,V (2593)-Safarli,E (2649) Kocaeli 2014}) 11. Rd1 {The position is equal.} Bg4 $146 ({Predecessor:} 11... Be6 12. Nd5 Nxd5 13. Bxd5 Bxd5 14. Rxd5 Nd7 15. b3 Nf6 16. Rd1 Qc6 {0-1 (55) Meylan,A (2022)-Nikologorskiy,K (2308) Kocaeli 2011}) 12. Nd5 Nxd5 13. Bxd5 Nd7 14. a5 Nf6 15. Bb3 Qc6 16. Re1 Rac8 17. c3 Be6 18. Bxe6 fxe6 19. Nd2 Qe8 20. Nc4 Qg6 21. f3 Nh5 22. Rd1 Rc6 23. Ra4 {[%cal Ba1a4,Ba4b4,Bb4b6][%mdl 32]} Rf7 24. Rb4 Bf8 25. Rb6 {Rxc6 is the strong threat.} Rxc4 26. Qxc4 {[#] Hoping for Kh1.} Rxf3 27. Rxb7 Rf6 $2 {[%mdl 8192]} (27... d5 $16 {was called for.} 28. exd5 (28. Qxa6 $2 Bc5+ 29. Rd4 exd4 $19) 28... Qc2) 28. Rb8 Qg4 $2 (28... Nf4 {was necessary.} 29. Bxf4 exf4 30. Qxa6 f3) 29. Rf1 $18 {White is clearly winning.} Rxf1+ 30. Qxf1 Nf6 31. Qf3 {And now Qxg4 would win.} Qg6 32. b4 {[%cal Bb2b4,Bb4b5][%mdl 32]} d5 33. b5 dxe4 34. Qe3 Nd5 35. Qc5 Qf5 36. b6 e3 {[#]} 37. Qxf8+ $1 {[%mdl 512] Precision: White = 67%, Black = 33%.} 1-0

[Event "CHN-ch Blitz Open 2018"]
[Site "Tianjin"]
[Date "2018.06.07"]
[Round "1"]
[White "Ma, Zhonghan"]
[Black "Gao, Rui"]
[Result "1/2-1/2"]
[WhiteElo "2489"]
[BlackElo "2561"]
[Annotator "TA"]
[PlyCount "145"]
[EventDate "2018.06.07"]
[EventType "blitz"]
[EventRounds "9"]
[EventCountry "CHN"]
[SourceTitle "playchess.com"]
[Source "ChessBase"]
[SourceQuality "1"]

{[%evp 21,145,25,18,16,23,31,37,23,28,24,29,16,23,9,35,23,26,0,0,0,0,0,21,0,24,30,32,32,33,25,57,-53,34,0,9,0,0,0,0,0,62,11,39,8,0,0,12,-7,-7,-7,-7,-8,-8,-8,-8,-24,-24,-26,-13,-17,0,0,0,-13,-13,-17,-17,-17,-21,-32,-7,0,0,0,0,0,0,0,0,-1,0,-9,0,0,-1,-1,0,0,0,-14,0,0,0,0,0,0,0,0,0,0,0,-8,-1,-42,-2,-2,-2,-2,0,-2,-2,-2,0,-2,-2,-9,0,0,0,0,0,-9,0,-10,0,-10]} 1. d4 d5 2. c4 c6 3. Nf3 Nf6 4. e3 e6 5. Nbd2 Nbd7 6. Bd3 b6 7. O-O Bb7 8. b3 Bd6 9. Bb2 O-O 10. Qe2 c5 11. cxd5 {E14: Damenindisch (Zentralsystem)} exd5 {LiveBook: 10 Partien} 12. Ba6 Qc8 13. Bxb7 {Weiß hat minimalen Vorteil.} Qxb7 14. Rfd1 Rfe8 {[#]} 15. Rac1 $146 ({Vorgänger:} 15. Qd3 Bf8 16. Qf5 g6 17. Qd3 Bg7 18. dxc5 bxc5 {½-½ (52) Laznicka,V (2679)-Michalik,P (2557) Dubai 2014}) 15... Rac8 16. Qd3 h6 17. Qf5 Re6 18. dxc5 bxc5 19. Nf1 {[%cal Bd2f1,Bf1g3,Bg3e2,Be2c3][%mdl 32]} Rce8 20. Ng3 a5 21. Qc2 Bf8 22. h3 Ra8 23. Ne2 Rea6 24. Nc3 Rc8 25. Qf5 {[%cal Rc3d5]} g6 26. Qf4 (26. Qc2 $14) 26... Bg7 (26... a4 $1 $15) 27. Na4 Re6 28. Bc3 Qa6 29. Bxf6 Rxf6 30. Qg4 Qe6 (30... Rd6 $11) 31. Rc2 (31. Qxe6 $14 fxe6 32. e4) 31... Rf5 $11 32. Nd4 (32. Ne1 {feels hotter.} h5 33. Qe2 Bf8 34. Nd3 Qc6 35. Qd2) 32... Bxd4 $1 33. exd4 {[%cal Ra4c5]} c4 34. bxc4 Rxc4 35. Rxc4 dxc4 36. Nc3 Nf6 37. Qg3 Nd5 {und nun wäre ...Sxc3 stark für Schwarz.} 38. Nxd5 Qxd5 {[%mdl 4096] Endspiel KDT-KDT} 39. Qe3 Kg7 40. Rc1 Rg5 {[%csl Gg5][%cal Rd5g2] [#]} 41. f3 Rf5 42. Qc3 Rf4 43. Qxc4 Qxd4+ 44. Qxd4+ Rxd4 {KT-KT} 45. Rc2 Rd3 46. Kf2 Ra3 47. Kg3 g5 48. h4 Kg6 49. hxg5 hxg5 50. Kf2 f6 51. Ke2 Kf5 52. Kf2 Ke5 53. Kg3 f5 54. Rc5+ Ke6 55. Rc2 Ra4 56. Rb2 Ke5 57. Rb5+ Kf6 58. Rb6+ Kg7 59. Rb7+ Kg6 60. Rb6+ Kh5 61. Rb2 Ra3 62. Kf2 f4 63. Rc2 {Die Stellung ist ausgeglichen.} Kg6 64. Rc6+ Kh5 65. Rc2 Ra4 66. Rb2 Ra3 67. Rc2 Kh4 68. Rb2 g4 (68... a4 {looks sharper.} 69. Kg1 Rc3 70. Kh2 g4 71. fxg4 Kxg4 72. Rb4 a3) 69. fxg4 $1 Kxg4 70. Rc2 Kf5 71. Re2 Kg4 72. Rc2 Kf5 73. Re2 {Precision: Weiß = 46%, Schwarz = 50%.} 1/2-1/2

[Event "CHN-ch Blitz Open 2018"]
[Site "Tianjin"]
[Date "2018.06.07"]
[Round "1"]
[White "Lou, Yiping"]
[Black "Wang, Hao"]
[Result "0-1"]
[WhiteElo "2484"]
[BlackElo "2710"]
[Annotator "TA"]
[PlyCount "55"]
[EventDate "2018.06.07"]
[EventType "blitz"]
[EventRounds "9"]
[EventCountry "CHN"]
[SourceTitle "playchess.com"]
[Source "ChessBase"]
[SourceQuality "1"]

{[%evp 22,55,27,0,11,2,2,0,0,-144,-158,-141,-149,-149,-159,-150,-158,-144,-153,-140,-134,-204,-156,-157,-103,-195,-112,-125,-123,-110,-68,-92,-89,-249,-64,-65]} 1. d4 Nf6 2. c4 e6 3. Nf3 d5 4. g3 dxc4 5. Bg2 Bd7 6. Ne5 Bc6 7. Nxc6 Nxc6 8. O-O Qd7 {E04: Open Catalan: 5 Nf3} 9. e3 Rd8 10. Qe2 e5 11. Qxc4 exd4 12. exd4 {LiveBook: 5 Games} Be7 13. Nc3 Nxd4 14. Bxb7 $146 ({Predecessor:} 14. Bg5 O-O 15. Bxf6 Bxf6 16. Nd5 {0-1 (46) Lindgren,P (2421)-Blomqvist,E (2554) Stockholm 2017}) 14... c6 {[%cal Bc7c6,Bc6c5][%mdl 32]} 15. Be3 (15. Rd1 $11 {keeps the balance.}) 15... Nf3+ $17 ({Inferior is} 15... Qxb7 16. Bxd4 O-O 17. Rfe1 $11) 16. Kg2 Qxb7 17. Kxf3 c5+ $1 ({Not} 17... Qxb2 $2 18. Qxc6+ Kf8 19. Rad1 $18) 18. Ke2 Qxb2+ 19. Kf3 Qb7+ 20. Ke2 O-O 21. Rab1 (21. Rfd1 $17) 21... Qc8 $36 {[%mdl 2048] Keeping White busy.} 22. Rfd1 Rfe8 (22... Ng4 $142 23. Nd5 Bd6) 23. Rxd8 (23. Nd5 $17) 23... Rxd8 (23... Bxd8 $19 24. Nd5 Ng4) 24. Rd1 Re8 25. Nd5 Nxd5 26. Rxd5 Bf8 27. Kf3 $2 {[#]} (27. Rd2 $17) 27... Qh3 $2 (27... Qe6 $1 $19 {Strongly threatening ...Rd8!} 28. a3 {[#]} Rd8 $1 {[%mdl 512]} 29. Rxc5 Bxc5 30. Qxe6 fxe6 31. Bxc5 Kf7) 28. Bxc5 {Precision: White = 40%, Black = 50%.} 0-1